Основы седиментогенеза: учебное пособие

Bibliographische Detailangaben
1. Verfasser: Столбова Н. Ф. Нэля Фeдоровна
Körperschaft: Национальный исследовательский Томский политехнический университет (ТПУ) Институт природных ресурсов (ИПР) Кафедра геологии и разведки полезных ископаемых (ГРПИ)
Zusammenfassung:Заглавие с титульного экрана
Электронная версия печатной публикации
В пособии в краткой форме сформулированы и изложены основные положения седиментогенеза. Показана его ведущая роль в процессах формирования осадочных пород. Пособие построено с демонстрацией иллюстраций, с анализом и выводом по наглядному материалу. В нем приведены авторские схемы обстановок формирования хемогенно-органогенных классов осадочных пород, на основе которых базируется их современные классификации. Предназначено для студентов, магистрантов, аспирантов, обучающихся по направлению "Прикладная геология" и дисциплине "Литология" (профессиональный цикл, базовая часть С3.Б17).
Режим доступа: из корпоративной сети ТПУ
Sprache:Russisch
Veröffentlicht: Томск, Изд-во ТПУ, 2013
Schlagworte:
Online-Zugang:http://www.lib.tpu.ru/fulltext2/m/2014/m130.pdf
Format: MixedMaterials Elektronisch Buch
KOHA link:https://koha.lib.tpu.ru/cgi-bin/koha/opac-detail.pl?biblionumber=260616

MARC

LEADER 00000nlm0a2200000 4500
001 260616
005 20231101233508.0
035 |a (RuTPU)RU\TPU\book\283569 
090 |a 260616 
100 |a 20140516d2013 m y0rusy50 ca 
101 0 |a rus 
102 |a RU 
105 |a a j 001zy 
135 |a drcn ---uucaa 
181 0 |a i  
182 0 |a b 
200 1 |a Основы седиментогенеза  |b Электронный ресурс  |e учебное пособие  |f Н. Ф. Столбова  |g Национальный исследовательский Томский политехнический университет (ТПУ) 
203 |a Текст  |c электронный 
210 |a Томск  |c Изд-во ТПУ  |d 2013 
230 |a 1 компьютерный файл (pdf; 15.0 MB) 
300 |a Заглавие с титульного экрана 
300 |a Электронная версия печатной публикации 
330 |a В пособии в краткой форме сформулированы и изложены основные положения седиментогенеза. Показана его ведущая роль в процессах формирования осадочных пород. Пособие построено с демонстрацией иллюстраций, с анализом и выводом по наглядному материалу. В нем приведены авторские схемы обстановок формирования хемогенно-органогенных классов осадочных пород, на основе которых базируется их современные классификации. Предназначено для студентов, магистрантов, аспирантов, обучающихся по направлению "Прикладная геология" и дисциплине "Литология" (профессиональный цикл, базовая часть С3.Б17). 
333 |a Режим доступа: из корпоративной сети ТПУ 
337 |a Adobe Reader 
606 1 |a Седиментология  |2 stltpush  |3 (RuTPU)RU\TPU\subj\54336  |9 72493 
610 1 |a электронный ресурс 
610 1 |a учебные пособия 
610 1 |a труды учёных ТПУ 
610 1 |a седиментогенез 
610 1 |a осадочные породы 
610 1 |a элементный состав 
610 1 |a обломочные компоненты 
610 1 |a аутигенные компоненты 
610 1 |a органогенные компоненты 
610 1 |a битуминозные компоненты 
610 1 |a вулканогенные компоненты 
610 1 |a космогенные компоненты 
610 1 |a структура 
610 1 |a обломочные породы 
610 1 |a глинистые породы 
610 1 |a текстура 
610 1 |a внутрипластовые структуры 
610 1 |a слоистость 
610 1 |a пористость 
610 1 |a проницаемость 
610 1 |a стадии 
610 1 |a фации 
610 1 |a эпигенез 
610 1 |a хемогенно-органогенные породы 
610 1 |a алюминиевые породы 
610 1 |a железные породы 
610 1 |a марганцевые породы 
610 1 |a кремневые породы 
610 1 |a силициты 
610 1 |a карбонатные породы 
610 1 |a фосфатные породы 
610 1 |a соляные породы 
610 1 |a каустобиолиты 
675 |a 552.143(075.8)  |v 3 
700 1 |a Столбова  |b Н. Ф.  |c российский геолог  |c доцент Томского политехнического университета  |f 1940-  |g Нэля Фeдоровна  |2 stltpush  |3 (RuTPU)RU\TPU\pers\26073 
712 0 2 |a Национальный исследовательский Томский политехнический университет (ТПУ)  |b Институт природных ресурсов (ИПР)  |b Кафедра геологии и разведки полезных ископаемых (ГРПИ)  |h 2181  |2 stltpush  |3 (RuTPU)RU\TPU\col\18660 
801 1 |a RU  |b 63413507  |c 20140516 
801 2 |a RU  |b 63413507  |c 20160616  |g RCR 
856 4 |u http://www.lib.tpu.ru/fulltext2/m/2014/m130.pdf 
942 |c CF